BSOP header

Two lads and a dad : (Record no. 28728)

MARC details
000 -LEADER
fixed length control field 00866nam a2200253 4500
008 - FIXED-LENGTH DATA ELEMENTS--GENERAL INFORMATION
fixed length control field 070228s1991 txua j 000 1 eng d
020 ## - INTERNATIONAL STANDARD BOOK NUMBER
Cancelled/invalid ISBN 086606446X :Php100
090 ## - LOCALLY ASSIGNED LC-TYPE CALL NUMBER (OCLC); LOCAL CALL NUMBER (OCLC)
Classification number (OCLC) (R) ; Classification number, CALL (RLIN) (NR) BS551.2
Local cutter number (OCLC) ; Book number/undivided call number, CALL (RLIN) L33t
100 1# - MAIN ENTRY--PERSONAL NAME
Personal name Lashbrook, Marilyn.
245 10 - TITLE STATEMENT
Title Two lads and a dad :
Remainder of title the prodigal son /
Statement of responsibility, etc by Marilyn Lashbrook ; illustrated by Chris Sharp.
260 ## - PUBLICATION, DISTRIBUTION, ETC. (IMPRINT)
Place of publication, distribution, etc Dallas, Texas :
Name of publisher, distributor, etc Roper Press,
Date of publication, distribution, etc c1991.
300 ## - PHYSICAL DESCRIPTION
Extent [32] p. :
Other physical details col. ill. ;
Dimensions 25 cm.
490 1# - SERIES STATEMENT
Series statement Me too! readers
500 ## - GENERAL NOTE
General note For ages 5-8.
500 ## - GENERAL NOTE
General note Taken from Luke 15.
650 #4 - SUBJECT ADDED ENTRY--TOPICAL TERM
Topical term or geographic name as entry element Bible stories
General subdivision N.T.
650 #4 - SUBJECT ADDED ENTRY--TOPICAL TERM
Topical term or geographic name as entry element Parables.
650 #4 - SUBJECT ADDED ENTRY--TOPICAL TERM
Topical term or geographic name as entry element Prodigal son (Parable)
General subdivision Juvenile literature.
650 #4 - SUBJECT ADDED ENTRY--TOPICAL TERM
Topical term or geographic name as entry element Prodigal son (Parable)
951 ## - EQUIVALENCE OR CROSS-REFERENCE-GEOGRAPHIC NAME/AREA NAME [OBSOLETE] [CAN/MARC only]
General subdivision 00034366
700 0# - ADDED ENTRY--PERSONAL NAME
Personal name Sharp, Chris
Relator term ill.
800 1# - SERIES ADDED ENTRY--PERSONAL NAME
Personal name Lashbrook, Marilyn.
Title of a work Me too! readers.
951 ## - EQUIVALENCE OR CROSS-REFERENCE-GEOGRAPHIC NAME/AREA NAME [OBSOLETE] [CAN/MARC only]
-- 30385
-- BS551.2/L33t
-- 070613111631687
-- 2000-12-21
-- PAM
942 00 - ADDED ENTRY ELEMENTS (KOHA)
Koha issues (borrowed), all copies 1
Holdings
Withdrawn status Lost status Damaged status Not for loan Home library Current library Shelving location Date acquired Accession number Shelving control number Total Checkouts Full call number Barcode Date last seen Date last borrowed Price effective from Koha item type
        BSOP Library BSOP Library Pamphlet 12/21/2000 30385 127 1 BS551.2/L33t 00034366 01/23/2019 01/22/2019 02/23/2013 Books
BSOP

Biblical Seminary of the Philippines
  All rights Reserved
  © 2024

CONTACT INFORMATION

Biblical Seminary of the Philippines,
  77-B Karuhatan Road, Valenzuela City,
  PHILIPPINES 1441
  Phone: +632 8292-6795 / 8292-6798
  Fax : +632 8292-6675
  Email: library@bsop.edu.ph